Hogwarts Staff Quiz Stats

 Plays Quiz not verified by Sporcle

Challenge
Share
Tweet
Embed
Score 0/26 Timer 03:00
0 Plays Today
Subject(s) Taught Staff Member/Professor % Correct
Defence Against the Dark ArtsRemus Lupin
98.9%
Defence Against the Dark ArtsGilderoy Lockhart
97.7%
Care of Magical Creatures/GroundskeeperRubeus Hagrid
97.7%
Defence Against the Dark ArtsAlastor 'Mad-Eye' Moody
97.7%
Defence Against the Dark ArtsQuirinus Quirrell
97.7%
Defence Against the Dark ArtsDolores Jane Umbridge
97.7%
CaretakerArgus Filch
97.7%
Potions/Defence Against the Dark Arts/Head of Slytherin/HeadmasterSeverus Snape
97.7%
Charms/Head of RavenclawFilius Flitwick
96.6%
Transfiguration/Deputy Headmistress/Head of GryffindorMinerva McGonagall
95.4%
Care of Magical Creatures (temporary)Wilhelmina Grubbly-Plank
94.3%
Potions/Head of SlytherinHorace Slughorn
94.3%
Herbology/Head of HufflepuffPomona Sprout
94.3%
Subject(s) Taught Staff Member/Professor % Correct
NursePoppy Pomfrey
94.3%
History of MagicCuthbert Binns
93.1%
Transfiguation/HeadmasterAlbus Percival Wulfric Brian Dumbledore
93.1%
DivinationFirenze
93.1%
DivinationSibyll Trelawney
93.1%
Flying/Quidditch RefereeMadam Rolanda Hooch
93.1%
LibrarianIrma Pince
92%
AstronomyAurora Sinistra
89.7%
ArithmancySeptima Vector
88.5%
Defence Against the Dark Arts (Dark Arts)Amycus Carrow
83.9%
Muggle Studies Alecto Carrow
81.6%
Ancient RunesBathsheba Babbling
79.3%
Muggle StudiesCharity Burbage
79.3%

You're not logged in!

Compare scores with friends on all Sporcle quizzes.
OR
Log In

You Might Also Like...

Show Comments

Extras

Top Quizzes Today


Score Distribution

Your Account Isn't Verified!

In order to create a playlist on Sporcle, you need to verify the email address you used during registration. Go to your Sporcle Settings to finish the process.

Report this User

Report this user for behavior that violates our Community Guidelines.

Details: